| 000 | 00622nam a2200253Ia 4500 | ||
|---|---|---|---|
| 003 | OSt | ||
| 005 | 20220918201424.0 | ||
| 006 | a|||||r|||| 00| 0 | ||
| 007 | ta | ||
| 008 | 220917b |||||||| |||| 00| 0 eng d | ||
| 024 | _a93,833 | ||
| 037 | _cTextual | ||
| 040 |
_aARTS _cARTS _beng |
||
| 041 |
_2eng _aeng |
||
| 082 | _aV1-52.D4, N6 | ||
| 100 |
_aLe Glay M _998704 |
||
| 245 | 0 | _aHistory of Rome | |
| 250 | _a2nd | ||
| 260 |
_aCambridge _bBlackwell _c1996 |
||
| 300 |
_axxiii, 608p. _ccm. |
||
| 650 | _aHISTORY | ||
| 942 |
_hV1-52.D4, N6 _cTEXL _2CC |
||
| 999 |
_c217475 _d217475 |
||